LEADER 01119nam a2200241 u 4500 001 000000002621 003 CaOOAMICUS 005 20070226104442.0 008 940527s1977 it u000 u eng u 035 $a10065457 040 $aPUL(R)$bita 100 1 $aBékés, Gellert,$cO.S.B.,$d1915-$0(OLS)http://pul/name/2790 245 10$aUnitatis reintegratio, 1964-1974 :$bthe impact of the decree on ecumenism /$cedited by Gerard Bekes and Vilmos Vajta. 260 $aRoma :$bEd. Anselmiana :$bPont. Institutum S. Anselmi,$c1977. 300 $a176 p. ;$c24 cm 490 1 $aStudia Anselmiana ;$v71 700 1 $aVajta, Vilmos.$0(OLS)http://pul/name/2791 830 0$aStudia Anselmiana ;$v71.$0(OLS)http://pul/title/554 850 $aPUL 852 $aPUL$W1$xSL Religione 3$y85$m230. 05 COLL 2.71$j3498$nBK-PRI$qDDC 21$B3498$CPULBib$Z2$F3498 $H44221 $82 941 1 $a9 996 $6245$aUnitatis reintegratio, 1964-1974 :$bthe impact of the decree on ecumenism$9(OLS)http://pul/title/3855 996 $6260$aRoma :$bEd. Anselmiana :$bPont. Institutum S. Anselmi$9(OLS)http://pul/publisher/49425 LEADER 01612nam a2200337 u 4500 001 000000014994 003 CaOOAMICUS 005 20070226105829.0 008 940517s1993 it u000 u lat u 020 $a8814034281 035 $a10352226 040 $aPUL$bita 041 0 $alat$aita 245 03$aLa legislazione di Valentiniano e Valente (364-375) /$ca cura di Federico Pergami. 260 $aMilano :$bGiuffrè,$c1993. 300 $aliv, 737 p. ;$c24 cm 490 1 $aMateriali per una palingenesi delle costituzioni tardo-imperiali.$aSerie 2 ;$v4 500 $aComprende indici. 500 $aIn testa al front.: Accademia romanistica costantiniana. 600 04$aValentinianus$bI,$cimperatore romano,$d321-375.$0(OLS)http://pul/subject/10448 600 04$aValens, Flavius$bI,$cimperatore d'Oriente,$d328-378.$0(OLS)http://pul/subject/10449 650 4$aDiritto romano$xFonti.$0(OLS)http://pul/subject/1707 700 1 $aPergami, Federico.$0(OLS)http://pul/name/13844 710 2 $aAccademia romanistica costantiniana.$0(OLS)http://pul/name/9253 830 0$aMateriali per una palingenesi delle costituzioni tardo-imperiali.$nSerie 2 ;$v4.$0(OLS)http://pul/title/21520 850 $aPUL 852 $aPUL$W1$xSL Diritto e Scienze Sociali 1$y4$m185 I 4$j21021$nBK-PRI$b $qStampati$B21021$CPULBib$Z2$F21021 $H $81 941 1 $a8 996 $6020$a8814034281$9(OLS)http://pul/number/19030 996 $6245$aLa legislazione di Valentiniano e Valente (364-375)$9(OLS)http://pul/title/21519 996 $6260$aMilano :$bGiuffrè$9(OLS)http://pul/publisher/48401